000 00504nam a2200181Ia 4500
001 11854
003 GE_BSU
008 181216s||||||||xx |||||||||||||| ||und||
040 _cGE_BSU
245 _aПсихология обучения. №8. 2014. Август
245 _cГл.ред.Бархаев Б.П.
260 _aМосква
260 _bИздательство СГУ
260 _c2014
300 _a130стр.24см.
653 _aПсихология обучения.
942 _cCR
999 _c45033
_d45033